ALİCE HARİKALAR ÜLKESİNDE (Record no. 725153)

MARC details
000 -LEADER
sabit uzunluktaki kontrol alanı 00259nam a2200097Ia 4500
001 - KONTROL NUMARASI
kontrol alanı 725153
005 - EN SON İŞLEMİN TARİH VE ZAMANI
kontrol alanı 20250826163404.0
008 - SABİT-UZUNLUKTA VERİ ÖĞELERİ--GENEL BİLGİ
sabit uzunluktaki kontrol alanı 250824s9999 xx 000 0 und d
245 #0 - ESER / YAZAR
ESER ADI ALİCE HARİKALAR ÜLKESİNDE
Yazar Adı LEWIS CARROLL
260 ## - YAYIN, DAĞITIM, VB.
YAYIN EVİ DOĞAN EGMONT YAYINLARI
Holdings
Düşüm durumu Kayıp durumu Hasar Durumu Ödünç verilmez Ana kütüphane Geçerli Kütüphane Edinilen tarih Toplam ödünç verme sayısı Barkod Son görüntüleme tarihi Son ödünç verme tarihi Fiyatın geçerli olmaya başladığı tarih Koha materyal türü
        BORSA İSTANBUL ORTAOKULU BORSA İSTANBUL ORTAOKULU 24.08.2025 1 10313997 05.12.2025 28.11.2025 26.08.2025 Books